Primera y segunda parte del Ingenioso Hidalgo Don Quixote de la Mancha (Record no. 2137)

MARC details
000 -CABECERA
campo de control de longitud fija 01495nam a2200301 a 4500
001 - NÚMERO DE CONTROL
campo de control BRCA_2396
005 - FECHA Y HORA DE LA ÚLTIMA TRANSACCIÓN
campo de control 20190320203804.0
008 - DATOS DE LONGITUD FIJA--INFORMACIÓN GENERAL
campo de control de longitud fija 111108s1647----sp-#---###---#000-0#spa-u
041 ## - CÓDIGO DE LENGUA
Código de lengua del texto/banda sonora o título independiente spa
044 ## - CÓDIGO DEL PAÍS DE LA ENTIDAD EDITORA/PRODUCTORA
Código MARC del país sp
084 ## - OTRO NÚMERO DE CLASIFICACIÓN
Número de clasificación 037
Número de documento/Ítem .R43
-- 1647
100 1# - ENTRADA PRINCIPAL--NOMBRE DE PERSONA
Nombre de persona Cervantes Saavedra, Miguel de
Fechas asociadas al nombre 1547-1616
9 (RLIN) 213
245 10 - MENCIÓN DE TÍTULO
Título Primera y segunda parte del Ingenioso Hidalgo Don Quixote de la Mancha
Resto del título A. Don Antonio de Vargas Zapata, Ayalay Manrique
Mención de responsabilidad, etc. compuesta por Miguel de Cervantes Saavedra.
260 ## - PUBLICACIÓN, DISTRIBUCIÓN, ETC.
Lugar de publicación, distribución, etc. Madrid
Nombre del editor, distribuidor, etc. Imprenta Real
Fecha de publicación, distribución, etc. 1647
300 ## - DESCRIPCIÓN FÍSICA
Extensión 480 p.
Dimensiones 22 cm.
500 ## - NOTA GENERAL
Nota general Contenido : Primerta parte. Prólogo del autor. Dedicatoria de D. Antonio de Vargas. Erratas. Tasa. Segunda parte. Aprovaciones y licencia de la edición príncipe. Prólogo del autor. Dedicatoria a D. Antonio de Vargas. Erratas. Tasa. Texto
500 ## - NOTA GENERAL
Nota general Edición : Primera edición de la obra completa
500 ## - NOTA GENERAL
Nota general Carece de la dedicatoria al Duque de Béjar y los versos preliminares. En el folio 233 hay una portada de la segunda parte. También suprime la dedicatoria Lúdovik Osterc
500 ## - NOTA GENERAL
Nota general Con ex-libris de : S. Debernish´s Boo. No. 214
500 ## - NOTA GENERAL
Nota general QM18
650 14 - PUNTO DE ACCESO ADICIONAL DE MATERIA--TÉRMINO DE MATERIA
Término de materia o nombre geográfico como elemento de entrada Novela española
Subdivisión cronológica Época clásica, 1500-1700
9 (RLIN) 215
650 14 - PUNTO DE ACCESO ADICIONAL DE MATERIA--TÉRMINO DE MATERIA
Término de materia o nombre geográfico como elemento de entrada Literatura española
Subdivisión cronológica Época clásica, 1500-1700
9 (RLIN) 216
650 14 - PUNTO DE ACCESO ADICIONAL DE MATERIA--TÉRMINO DE MATERIA
Término de materia o nombre geográfico como elemento de entrada Novela española
Subdivisión cronológica Siglo XVII
9 (RLIN) 217
650 14 - PUNTO DE ACCESO ADICIONAL DE MATERIA--TÉRMINO DE MATERIA
Término de materia o nombre geográfico como elemento de entrada Don Quijote (Personaje ficticio)
Término indicativo de función/relación Novela
9 (RLIN) 218
740 0# - PUNTO DE ACCESO ADICIONAL--TÍTULO RELACIONADO O ANALÍTICO NO CONTROLADO
Título relacionado o analítico no controlado El Ingenioso Hidalgo Don Quijote de la Mancha
902 ## - CATALOGADOR
Iniciales QFM
942 ## - ELEMENTOS DE PUNTO DE ACCESO ADICIONAL (KOHA)
Fuente del sistema de clasificación o colocación Library of Congress Classification
Tipo de ítem Koha Libros
Holdings
Estado de retiro Estado de pérdida Estado dañado No para préstamo Localización permanente Ubicación/localización actual Fecha de adquisición Número de inventario Total de préstamos Signatura topográfica completa Código de barras Fecha visto por última vez Precio válido a partir de Tipo de ítem Koha
El ejemplar forma parte de la colección y puede ser consultado según las políticas vigentes.       Biblioteca del Museo Franz Mayer (Rogerio Casas-Alatriste) Biblioteca del Museo Franz Mayer (Rogerio Casas-Alatriste) 11/11/2008 QM18   037 .R43 1647 (QM18) 2393 22/03/2019 22/03/2019 Libros